Quizzes
Events
Quiz Creation
Community
Videos
Private Events
Remove Ads
Sign In
Join for FREE
Feedback
Dark Mode
Quiz Categories
Sports
Geography
Music
Movies
Television
Just For Fun
Miscellaneous
History
Literature
Language
Science
Gaming
Entertainment
Religion
Holiday
For Kids
Quiz Lab
Recent
Popular Today
Quiz Kudos Today
Editor Picks
Curator Picks
Quizzes by...
Day
Popularity
Type
Ratings
Length
Year
Community
Subscriptions
Recent Discussions
Orange Saloon
Badges
Playlists
Quests
Create
Leaderboards
Showdown
Live 5
Trivia Bingo
Activity
Puzzle Library
Sporcle Events
Private Events
Virtual Trivia
Globe League
Become a Host
Pub Owners
SporcleCon
Opinionation
Our Games
Videos
Blog
Mobile Apps
Partnerships
Remove Ads and Go Orange
Feedback
Gaming
Video Games
Board Games
Card Games
Pokémon
Mario
Nintendo
Minecraft
Console
Toys
Legend of Zelda
Gaming
Video Games
Board Games
Card Games
Pokémon
Mario
Nintendo
Minecraft
Console
Toys
Legend of Zelda
Random Quiz
Search Sporcle
×
Quiz Lab
Quiz Lab
Gaming
Nintendo
Type in answers that appear in a list
Type in answers that appear in a list
Classic
Best Score? Go Orange.
Kirby's Epic Yarn Characters Stats
Can you name the Kirby's Epic Yarn Characters?
By
Bigbee
15m
90 Questions
143 Plays
143 Plays
143 Plays
Comments
Comments
Give Quiz Kudos
Give Quiz Kudos
-
- Ratings
hide this ad
Replay
Link that replays current quiz
Next Quiz
Link to next quiz in quiz playlist
You Got
0%
They Got
Avg Score
23%
Avg Friend Score
Upgrade to see
Score Distribution
Jump to the score distribution portion of the page
Score
0/90
Timer
15:00
0
Plays Today
% Correct
Kirby
97.2%
Prince Fluff
86.7%
Waddle Dee
80.4%
King Dedede
78.3%
Yin Yarn
78.3%
Meta Knight
74.8%
Waddle Doo
62.2%
Fangora
54.5%
Hot Wings
51.7%
Squashini
45.5%
Capamari
45.5%
Whispy Woods
38.5%
Zeke
37.1%
Beadrix
32.2%
Bronto Burt
32.2%
Carrie
31.5%
Buster
29.4%
Dom Woole
29.4%
Kracko
29.4%
Mega Yin Yarn
28.7%
Angie
27.3%
Mara
25.2%
Spear Waddle Dee
25.2%
Parasol Waddle Dee
23.1%
Gordo
23.1%
UFO
23.1%
Space Kracko
23.1%
Scarfy
22.4%
Chilly
22.4%
Buttonbee
21.7%
% Correct
Uniclod
20.3%
Buttonfly
20.3%
Shotzo
18.9%
Balloon Waddle Dee
18.2%
Chaise Woole
17.5%
Cyclod
17.5%
Grizzo
17.5%
Loomis Woole
16.8%
Wicked Willow
16.8%
Buttonbug
16.8%
Ooki
16.1%
Sneak Sack
16.1%
Dropso
15.4%
Blipper
15.4%
Truck Monster
15.4%
Freezo
15.4%
Dandan
14.7%
Candlemander
14.7%
Rolling Clod
14.7%
Emba
14.7%
Sword Soldier
14.7%
Sawgill
14.7%
Blast Mariner
14.7%
Bow Waddle Dee
14%
Bomber
14%
Flamer
14%
Spear Soldier
14%
Cannon Soldier
14%
Anemonee
14%
Spear Mariner
14%
% Correct
Cannon Mariner
14%
Orbitfly
14%
Gator
13.3%
Snip-Snap
13.3%
Embird
13.3%
Whistle Soldier
13.3%
Stogue
13.3%
Cutfish
13.3%
Space Jelly
13.3%
Twiggy Woods
13.3%
Sulkworm
12.6%
Swadclod
12.6%
Jelly Jr.
12.6%
Danglerfish
12.6%
Amprey
12.6%
Sword Mariner
12.6%
Spore Jelly
12.6%
Boinger
12.6%
Soocher
12.6%
Slobba
11.9%
Embaconda
11.9%
Sea Jelly
11.9%
Bobber Clod
11.9%
Whistle Mariner
11.9%
Lil' Kracko
11.9%
Magmotamus
11.2%
Battins
11.2%
Shelby
11.2%
Calderon
10.5%
Octapea
5.6%
Quiz Playlist
Details
Report
Send in Message
Add To Playlist
Classic:
Type in answers that appear in a list
Last Updated: Feb 16, 2017
Quiz Scoreboard
CHALLENGE
Sign Up to Join the Scoreboard
Show All
Scores
Hide
Comments
May contain spoilers
Recently Published
Pick 6: Fruits
by JohnFran
Miscellaneous
15s
Click the 1999 NBA Draft
by nibperrychub
Sports
2m
Alphabetical 'K' Countries by Flag Minefield
by ylime102
Geography
3m
More to Explore
Quiz From the Vault
Featured Blog Post
15 Basketball Trivia Facts You Can Be March Mad About
hide this ad
You Might Also Like...
Tags
Nintendo Quiz
Character
epic
Kirby
Today's Top Quizzes in Gaming
Browse Gaming
hide this ad
Today's Top Quizzes in Nintendo
Browse Nintendo
Top Contributed Quizzes in Gaming
1
Pokémon Gen IV Logic Puzzle (HARD)
2
HARD Pokemon Logic Puzzle
3
Honkai: Star Rail Technique Names Quiz
4
Order Genshin Impact characters by release date!
5
Kingdom Hearts Logic Puzzle
6
Genshin Impact Logic Puzzle Quiz
7
Danganronpa 1 Logic Puzzle
8
Pokémon Logic Puzzle (DIFFICULT)
9
Danganronpa Sorting Blitz
10
Stardew Valley Logic Puzzle
Explore More
Trending Topics
Kpop
NBA
Marvel
Disney
Harry Potter
Crossword
Anime
Country
WWE
Pokémon
Puzzle
Soccer
Song
The Office
NFL
hide this ad
More By:
Bigbee
Quiz
Plays
Rating
Category
Featured
Created
Pair of Kings Characters
934
1.00
Television
Aug 21, 2011
Shark Species
805
2.33
Science
Jan 13, 2011
Annoying Orange Characters
637
2.00
Gaming
Sep 3, 2011
A.N.T. Farm Characters
480
1.00
Television
Aug 6, 2011
Wizards of Waverly Place Characters
446
1.33
Television
Jul 15, 2011
Go to Creator's Profile
Score Distribution
Quiz Creator Spotlight
Bigbee
Follow
Send a Message
Quizzes Created
-
Created Quiz Play Count
-
More By This Creator
Popular Quizzes Today
1
Countries of Asia Without Outlines Minefield
2
Find the US States - No Outlines Minefield
3
Pick 6: Fruits
4
Alphabetical 'K' Countries by Flag Minefield
5
The Countries of the World
6
Find the US States
7
Match the Book to the Film X
8
US States
More Gaming Quizzes
Highest Rated FIFA 19 Players by position
Quiz Lab
Trending Quizzes
Pick 6: Mountains
Pick 6: Harry Potter
Pick 6: NFL Teams
Pick 6: Movie Franchises
Pick 6: Golfers
Recently Updated
NWSL Teams
pecheneg
Women's Final Four Teams by Year
bhenderson79
Presidents Quartet II
eogle
Anything But Clue(do)
eogle
Anything But Oceanian Capitals
eogle
Anything But 7
eogle
Anything But Thing
eogle
Word Ladder: February 29
pecheneg
Song Title Questions
pecheneg
Women's NCAA Tournament #1 Seeds
pecheneg
Trending Topics
Harry Potter
Marvel
Kpop
NBA
Crossword
Anime
Disney
Song
Puzzle
The Office
Soccer
Pokémon
NFL
Country
WWE
Your Account Isn't Verified!
In order to create a playlist on Sporcle, you need to verify the email address you used during registration. Go to your
Sporcle Settings
to finish the process.
Report this User
Report this user for behavior that violates our
Community Guidelines
.
Details:
Send Report
Go to the Sporcle.com Mobile Site →
Comments